LEADER 00879nam0 2200289 450 001 000001489 005 20050630115400.0 010 $a88-15-05211-9 100 $a--------d1995----km-y0itay50------ba 101 1 $aita 102 $aIT 200 1 $aImpresa, mercato e diritto$fRonald H. Coase 210 $aBologna$cIl Mulino$d1995c 215 $a353 p.$d22 cm 225 2 $aCollezione di testi e studi$iEconomia 300 $aTesti in parte già pubblicati 305 $aEdizione italiana a cura di Michele Grillo 410 0$12001$aCollezione di testi e studi 610 1 $aAziende$aEconomia 676 $a338 700 1$aCoase,$bRonald H.$0437961 702 1$aGrillo,$bMichele 801 0$aIT $bUNIPARTHENOPE $gRICA $2UNIMARC 912 $a000001489 951 $cNAVA1$aGEC-330/1$b33002$d20000911 996 $aFirm, the market and the law$915264 997 $aUNIPARTHENOPE LEADER 04381nam 2200781 a 450 001 9910961024503321 005 20251116140856.0 010 $a9786612081866 010 $a9780309173650 010 $a0309173655 010 $a9781282081864 010 $a1282081861 010 $a9780309525169 010 $a0309525160 010 $a9780585142630 010 $a0585142637 035 $a(CKB)110986584752434 035 $a(EBL)3375767 035 $a(SSID)ssj0000112736 035 $a(PQKBManifestationID)11134260 035 $a(PQKBTitleCode)TC0000112736 035 $a(PQKBWorkID)10098747 035 $a(PQKB)10579988 035 $a(MiAaPQ)EBC3375767 035 $a(Au-PeEL)EBL3375767 035 $a(CaPaEBR)ebr10041188 035 $a(OCoLC)923258731 035 $a(Perlego)4734501 035 $a(BIP)47724121 035 $a(EXLCZ)99110986584752434 100 $a19980824d1998 uy 0 101 0 $aeng 135 $aur|n|---||||| 181 $ctxt 182 $cc 183 $acr 200 00$aBlack and smokeless powders $etechnologies for finding bombs and the bomb makers /$fCommittee on Smokeless and Black Powder, Board on Chemical Sciences and Technology, Commission on Physical Sciences, Mathematics, and Applications, National Research Council 205 $a1st ed. 210 $aWashington, D.C. $cNational Academy Press$d1998 215 $a1 online resource (180 p.) 300 $aDescription based upon print version of record. 311 08$a9780309062466 311 08$a0309062462 320 $aIncludes bibliographical references (p. 97-99). 327 $a""Front Matter""; ""Preface""; ""Acknowledgment of Reviewers""; ""Contents""; ""Executive Summary""; ""1 Background and Overview""; ""2 Detection of Black and Smokeless Powder Devices""; ""3 Identification""; ""Bibliography""; ""A Biographical Sketches of Committee Members""; ""B Statement of Task and Enabling Legislation""; ""C Committee Meetings""; ""D Taggant and Marker Concepts""; ""E Presentations by Stakeholder Groups""; ""F Committee Site Visits""; ""G Laboratories Capable of Testing""; ""H Regulation of Black and Smokeless Powders""; ""I Glossary""; ""J Acronyms and Abbreviations"" 330 $aSome 600 pipe bomb explosions have occurred annually in the United States during the past several years. How can technology help protect the public from these homemade devices? This book, a response to a Congressional mandate, focuses on ways to improve public safety by preventing bombings involving smokeless or black powders and apprehending the makers of the explosive devices. It examines technologies used for detection of explosive devices before they explode--including the possible addition of marking agents to the powders--and technologies used in criminal investigations for identification of these powders--including the possible addition of taggants to the powders--in the context of current technical capabilities. The book offers general conclusions and recommendations about the detection of devices containing smokeless and black powders and the feasibility of identifying makers of the devices from recovered powder or residue. It also makes specific recommendations about marking and tagging technologies. This volume follows the work reported in Containing the Threat from Illegal Bombings (NRC 1998), which studied similar issues for bombings that utilize high explosives. 606 $aGunpowder 606 $aGunpowder, Smokeless 606 $aExplosives$xAdditives 606 $aExplosives$xAnalysis 606 $aBombings$xPrevention$xTechnological innovations 606 $aBomb reconnaissance$xTechnological innovations 615 0$aGunpowder. 615 0$aGunpowder, Smokeless. 615 0$aExplosives$xAdditives. 615 0$aExplosives$xAnalysis. 615 0$aBombings$xPrevention$xTechnological innovations. 615 0$aBomb reconnaissance$xTechnological innovations. 676 $a662/.2 712 02$aNational Research Council (U.S.).$bCommittee on Smokeless and Black Powder. 712 02$aNational Research Council (U.S.).$bCommission on Physical Sciences, Mathematics, and Resources. 801 0$bMiAaPQ 801 1$bMiAaPQ 801 2$bMiAaPQ 906 $aBOOK 912 $a9910961024503321 996 $aBlack and smokeless powders$94367668 997 $aUNINA